[Event "Spanish Women's Championship"]
[Site "Linares"]
[Date "2017.08.23"]
[Round "4"]
[White "Perera Borrego, Maria Adela"]
[Black "Vega Gutierrez, Belinda"]
[Result "1/2-1/2"]
[WhiteTitle "WFM"]
[BlackTitle "WIM"]
[WhiteElo "2116"]
[BlackElo "2178"]
[Board "3"]
[WhiteCountry "ESP"]
[WhiteFideId "22238255"]
[WhiteEloChange "2"]
[BlackCountry "ESP"]
[BlackFideId "2229994"]
[BlackEloChange "-2"]

1. d4 d5 2. Bf4 Nf6 3. e3 c5 4. c3 Nc6 5. Bd3 Qb6 6. Qb3 Qxb3 7. axb3 Nh5
8. Bg3 Nxg3 9. hxg3 e5 10. dxc5 Bxc5 11. b4 Bb6 12. Nd2 Be6 13. Ne2 O-O-O
14. b5 Ne7 15. Nc1 Kb8 16. Ra4 h6 17. Ncb3 Rhe8 18. O-O Nf5 19. Rfa1 Re7
20. Kf1 Rc7 21. c4 dxc4 22. Bxc4 Nd6 23. Bxe6 fxe6 24. Rc1 Rxc1+ 25. Nxc1
Nxb5 26. Ke2 Nd6 27. Nd3 Nf7 28. Ne4 Rc8 29. Kd2 Rc6 1/2-1/2

[Event "Spanish Women's Championship"]
[Site "Linares"]
[Date "2017.08.23"]
[Round "4"]
[White "Prado Acebo, Ines"]
[Black "Beltran Ortiz, Edda Georgina"]
[Result "0-1"]
[WhiteTitle "WFM"]
[WhiteElo "2107"]
[BlackElo "1906"]
[Board "4"]
[WhiteCountry "ESP"]
[WhiteFideId "22251235"]
[WhiteEloChange "-15"]
[BlackCountry "ESP"]
[BlackFideId "2257807"]
[BlackEloChange "15"]

1. d4 c5 2. d5 Nf6 3. c4 b5 4. cxb5 a6 5. bxa6 g6 6. Nc3 Bxa6 7. e4 Bxf1 8.
Kxf1 d6 9. Nf3 Bg7 10. g3 O-O 11. Kg2 Nbd7 12. a4 Ng4 13. Qe2 Nge5 14. Nd2
Nb6 15. Ra3 Qb8 16. a5 Nc8 17. f4 Nd7 18. Rb3 Qc7 19. Nc4 Rb8 20. Rxb8 Qxb8
21. Bd2 Na7 22. Ra1 Nb5 23. Nxb5 Qxb5 24. Bc3 Bxc3 25. bxc3 Ra8 26. Ra2 Qb3
27. Ra3 Qb1 28. Ra2 Qb3 29. Rc2 Nf6 30. Qd3 Qb1 31. Qe2 h5 32. h3 Kg7 33.
Qd3 Ra7 34. Qe2 Ra8 35. Kf3 Qh1+ 36. Qg2 Qd1+ 37. Ke3 Qe1+ 38. Kd3 Qd1+ 39.
Qd2 Qf1+ 40. Qe2 Qxh3 41. Qg2 Qg4 42. Ne3 Qd7 43. Nc4 Qg4 44. Ke3 Qd1 45.
Qd2 Ng4+ 46. Kd3 Qf3+ 47. Ne3 Qxg3 48. Qe2 Rxa5 49. Kd2 Qxf4 50. Kd3 Qxe3+
51. Qxe3 Nxe3 52. Kxe3 Ra3 53. Kd3 f6 54. Rb2 Ra7 55. Rg2 g5 56. e5 dxe5
57. Rb2 Kg6 58. Kc4 Rc7 59. Rb6 h4 60. Rc6 h3 61. Rxc7 h2 62. Rxe7 h1=Q 63.
d6 Qc6 64. d7 Qd6 0-1

[Event "Spanish Women's Championship"]
[Site "Linares"]
[Date "2017.08.23"]
[Round "4"]
[White "Ortin Blanco, Ainhoa"]
[Black "Gil Quilez, Sonia"]
[Result "1-0"]
[BlackTitle "WFM"]
[WhiteElo "1961"]
[BlackElo "2057"]
[Board "5"]
[WhiteCountry "ESP"]
[WhiteFideId "32010117"]
[WhiteEloChange "13"]
[BlackCountry "ESP"]
[BlackFideId "2263980"]
[BlackEloChange "-13"]

1. d4 d6 2. Nf3 Nf6 3. c4 g6 4. Nc3 Bg7 5. e4 O-O 6. Be2 e5 7. O-O Nc6 8.
d5 Ne7 9. b4 Nd7 10. Nd2 f5 11. a4 h6 12. Ba3 Nf6 13. f3 f4 14. c5 g5 15.
Nc4 h5 16. b5 Ne8 17. b6 axb6 18. cxb6 Rf6 19. Rc1 cxb6 20. Qb3 Rg6 21.
Nxb6 Rb8 22. Nxc8 Nxc8 23. Qd1 Nf6 24. Nb5 Qb6+ 25. Kh1 g4 26. a5 Qd8 27.
Rxc8 Rxc8 28. Nxd6 Rb8 29. Nf5 Bf8 30. d6 Kh8 31. Qb3 Ng8 32. fxg4 hxg4 33.
Bxg4 Nh6 34. Bh5 Rg5 35. Qh3 Nxf5 36. exf5 Kg7 37. Bg6 Kf6 38. Qb3 Qd7 39.
Rc1 Bxd6 40. Bxd6 Rxg6 41. fxg6 Qxd6 42. Qf7+ Kg5 43. h4+ Kxh4 44. g7 Qa3
45. Rf1 Qg3 46. Rf3 Rd8 47. Qf6+ Qg5 48. Rh3+ Kg4 49. Qxg5+ Kxg5 50. Rh8
1-0

[Event "Spanish Women's Championship"]
[Site "Linares"]
[Date "2017.08.23"]
[Round "4"]
[White "Sosa Suarez, Carla Cristina"]
[Black "Pablos Tenrero, Raquel"]
[Result "1-0"]
[WhiteElo "1911"]
[BlackElo "2008"]
[Board "6"]
[WhiteCountry "ESP"]
[WhiteFideId "24536350"]
[WhiteEloChange "13"]
[BlackCountry "ESP"]
[BlackFideId "2216213"]
[BlackEloChange "-13"]

1. e4 c5 2. Nf3 Nc6 3. d4 cxd4 4. Nxd4 e5 5. Nb5 d6 6. N1c3 a6 7. Na3 Be7
8. Nd5 Nf6 9. Nxf6+ Bxf6 10. Nc4 Be7 11. a4 O-O 12. Be3 Be6 13. Be2 f5 14.
exf5 Bxf5 15. Nb6 Rb8 16. Bc4+ Kh8 17. c3 Bg5 18. Qd2 Bxe3 19. Qxe3 Rf6 20.
h3 Ne7 21. Rd1 Bg6 22. Nd5 Nxd5 23. Bxd5 Bc2 24. Ra1 Rf4 25. a5 Qc7 26. O-O
Qe7 27. Qa7 Rff8 28. Rac1 Bf5 29. Qe3 Rf6 30. c4 Qd7 31. Rfd1 Rbf8 32. Rd2
Rg6 33. Kh2 Qe7 34. Rc3 Bc8 35. c5 dxc5 36. Rxc5 Qf6 37. Bf3 Re8 38. Bh5
Bf5 39. Bxg6 Bxg6 40. Rcd5 e4 41. Qd4 1-0

[Event "Spanish Women's Championship"]
[Site "Linares"]
[Date "2017.08.23"]
[Round "4"]
[White "Hernandez Estevez, Yudania"]
[Black "Redondo Arguelles, Graciela"]
[Result "1-0"]
[WhiteTitle "WIM"]
[BlackTitle "WFM"]
[WhiteElo "2211"]
[BlackElo "1997"]
[Board "7"]
[WhiteCountry "ESP"]
[WhiteFideId "2219344"]
[WhiteEloChange "5"]
[BlackCountry "ESP"]
[BlackFideId "2219824"]
[BlackEloChange "-5"]

1. e4 e6 2. d4 d5 3. Nc3 dxe4 4. Nxe4 Nd7 5. Nf3 Ngf6 6. Nxf6+ Nxf6 7. Bc4
Be7 8. O-O O-O 9. Ne5 c5 10. dxc5 Qc7 11. Qe2 Qxc5 12. Re1 Bd6 13. Bd3 b6
14. Bg5 Qxe5 15. Qxe5 Bxe5 16. Rxe5 Nd5 17. Re2 Bb7 18. a4 Nb4 19. Bc4 Rfc8
20. Bb3 Bd5 21. Bxd5 Nxd5 22. c3 Kf8 23. g3 Rc4 24. Bd2 Rac8 25. Kf1 R4c7
26. Re4 Rd7 27. Ke1 Nf6 28. Re2 Nd5 29. Rc1 Rdc7 30. Re4 Nf6 31. Rd4 Rc4
32. Rxc4 Rxc4 33. b3 Rc6 34. Kd1 Ne4 35. Be1 Nc5 36. Kc2 Rd6 37. Ra1 Ke8
38. f3 e5 39. b4 Ne6 40. Bd2 h6 41. Be3 Rd7 42. a5 b5 43. a6 Ng5 44. Ra5
Nxf3 45. Rxb5 Ne1+ 46. Kb3 Rd6 47. Rb8+ Kd7 48. Rb7+ Ke6 49. Rxa7 g5 50. b5
Rd5 51. Rb7 1-0

[Event "Spanish Women's Championship"]
[Site "Linares"]
[Date "2017.08.23"]
[Round "4"]
[White "Redondo Benavente, Ana"]
[Black "Rodriguez Redondo, Adhara"]
[Result "1/2-1/2"]
[WhiteTitle "WFM"]
[WhiteElo "2022"]
[BlackElo "1726"]
[Board "8"]
[WhiteCountry "ESP"]
[WhiteFideId "32021674"]
[WhiteEloChange "-7"]
[BlackCountry "ESP"]
[BlackFideId "32065698"]
[BlackEloChange "7"]

1. e4 e5 2. Nf3 Nc6 3. Nc3 Nf6 4. g3 Bb4 5. Bg2 O-O 6. O-O d6 7. d3 Re8 8.
h3 h6 9. Be3 Bxc3 10. bxc3 d5 11. exd5 Nxd5 12. Bd2 Bf5 13. Nh4 Bh7 14. Rb1
Rb8 15. c4 Nb6 16. Qg4 Qd4 17. a4 Qxg4 18. hxg4 Nd4 19. a5 Nd7 20. Nf5 Bxf5
21. gxf5 b6 22. axb6 axb6 23. Ra1 Nxc2 24. Ra7 Nc5 25. Rxc7 Rbc8 26. Ra7
Kf8 27. f6 Nd4 28. Bd5 Nde6 29. Rb1 Rb8 30. Be3 gxf6 31. Bxh6+ Kg8 32. Be3
Red8 33. f4 Rd7 34. Rxd7 Nxd7 35. f5 Nd4 36. g4 Nc5 37. Bd2 Nxd3 38. Ba5
Ne2+ 39. Kf1 Ndf4 40. Rxb6 Rxb6 41. Bxb6 Nc3 42. Ba8 Kf8 43. Ba5 Nd1 44. c5
Ne3+ 45. Ke1 Nc4 46. c6 Ke8 47. Bb7 Nd6 48. Bc7 Nb5 49. Bb6 Nd5 50. Ba5 Ke7
51. Kd2 Kd6 52. Bd8 Nd4 53. c7 Nxc7 54. Bxf6 Nd5 55. Bd8 e4 56. Bxd5 Kxd5
57. Bf6 Nf3+ 58. Ke3 Nh2 59. Kf4 e3 60. Bh4 e2 61. g5 Nf1 62. Be1 Nh2 63.
Kg3 Ke5 64. f6 Kf5 65. Kxh2 Kxg5 66. Bc3 e1=Q 67. Bxe1 Kxf6 68. Kg3 Kg6 69.
Bd2 1/2-1/2

[Event "Spanish Women's Championship"]
[Site "Linares"]
[Date "2017.08.23"]
[Round "4"]
[White "Guillo Longares, Cecilia"]
[Black "Perdigones Gomez, Mercedes"]
[Result "1/2-1/2"]
[WhiteElo "1899"]
[BlackElo "1302"]
[Board "9"]
[WhiteCountry "ESP"]
[WhiteFideId "32082681"]
[WhiteEloChange "-8"]
[BlackCountry "ESP"]
[BlackFideId "54538882"]
[BlackEloChange "8"]

1. d4 g6 2. c4 Bg7 3. Nf3 c5 4. d5 d6 5. Nc3 Bxc3+ 6. bxc3 Qa5 7. Qb3 f5 8.
g3 Nf6 9. Bh6 Rg8 10. h4 Ne4 11. Rc1 Nd7 12. Ng5 Nef6 13. Bh3 Ne5 14. Ne6
Bxe6 15. Qxb7 Bxd5 16. cxd5 Kf7 17. Qb2 Rab8 18. Qd2 Ne4 19. Qc2 Rb6 20.
O-O Rgb8 21. Rb1 Rxb1 22. Rxb1 Rxb1+ 23. Qxb1 Nxc3 24. Qb8 Nxd5 25. Qf8+
Ke6 26. Qc8+ Nd7 27. Qg8+ Ke5 28. Qxh7 Qe1+ 29. Bf1 N7f6 30. Qxg6 Ng4
1/2-1/2

[Event "Spanish Women's Championship"]
[Site "Linares"]
[Date "2017.08.23"]
[Round "4"]
[White "De la Fuente de la Fuente, Alba"]
[Black "Vicens Company, Maria Antonia"]
[Result "0-1"]
[WhiteElo "1322"]
[BlackElo "1838"]
[Board "10"]
[WhiteCountry "ESP"]
[WhiteFideId "54512620"]
[WhiteEloChange "-2"]
[BlackCountry "ESP"]
[BlackFideId "2280680"]
[BlackEloChange "2"]

1. e4 e5 2. Nf3 Nf6 3. Nc3 Bb4 4. d3 O-O 5. Be2 d5 6. exd5 e4 7. dxe4 Nxe4
8. Bd2 Nxd2 9. Qxd2 Re8 10. O-O c6 11. Bc4 b5 12. Bb3 c5 13. a3 Bxc3 14.
Qxc3 c4 15. Ba2 Qxd5 16. a4 a6 17. Rad1 Qb7 18. Rfe1 Be6 19. b3 Nd7 20.
bxc4 Nb6 21. axb5 axb5 22. Bb3 bxc4 23. Rxe6 fxe6 24. Bxc4 Nxc4 25. Qxc4
Qa6 26. Qc3 Rac8 27. Qb3 Qc4 28. Nd4 Red8 29. Qe3 Re8 30. Re1 Qc3 31. Qe5
Ra8 32. h3 Rad8 33. Nxe6 Qxe5 34. Rxe5 Rd6 35. Ra5 Rexe6 36. Ra8+ Kf7 37.
c4 Rc6 38. Ra7+ Kg6 39. g4 Re4 40. Kg2 Rexc4 41. Ra5 R4c5 42. Ra7 h5 43.
gxh5+ Rxh5 44. Ra3 Rf6 45. f3 Rg5+ 46. Kf2 Rb6 47. f4 Rgb5 48. Rg3+ Kh6 49.
Rg4 Rb3 50. Rh4+ Kg6 51. Rg4+ Kf7 52. h4 Ra6 53. Rg1 Ra2+ 54. Kf1 Rb1# 0-1

[Event "Spanish Women's Championship"]
[Site "Linares"]
[Date "2017.08.23"]
[Round "4"]
[White "Garreta Nieto, Maria"]
[Black "Rodriguez Perez, Marta"]
[Result "0-1"]
[WhiteElo "1771"]
[BlackElo "1277"]
[Board "11"]
[WhiteCountry "ESP"]
[WhiteFideId "32024819"]
[WhiteEloChange "-18"]
[BlackCountry "ESP"]
[BlackFideId "24541656"]
[BlackEloChange "18"]

1. d4 Nf6 2. c4 e5 3. dxe5 Ng4 4. e3 Nxe5 5. Nh3 Bb4+ 6. Bd2 Bxd2+ 7. Qxd2
d6 8. Nf4 Nbd7 9. Nc3 Nf6 10. Be2 Bf5 11. O-O Ng6 12. Nfd5 O-O 13. Rad1
Nxd5 14. Nxd5 Nh4 15. Kh1 Qg5 16. Rg1 Be4 17. f3 Bxd5 18. cxd5 Nf5 19. g3
Qxe3 20. Qxe3 Nxe3 21. Rd3 Rfe8 22. Rd2 Nxd5 23. Rxd5 Rxe2 24. Rb5 b6 25.
Rc1 c6 26. Rxc6 d5 27. Rxd5 Rxb2 28. Rcd6 g6 29. Rd2 Rxd2 30. Rxd2 Kf8 31.
Rd7 Ke8 32. Rc7 a6 33. Rb7 b5 34. Rb6 Kd8 35. Rb7 Ke8 36. Rb6 Ra7 37. Rc6
a5 38. Kg2 Rb7 39. Kf2 a4 40. Ke2 b4 41. Kd2 b3 42. axb3 Rxb3 43. Ke2 a3
44. Ra6 Rb2+ 45. Ke3 a2 46. h4 Kd7 47. Kf4 f6 48. g4 Kc7 49. h5 Kb7 50. Ra3
Kb6 51. hxg6 hxg6 52. Ke3 Kb5 53. Kd3 Kb4 54. Ra8 Rb3+ 55. Kc2 Ra3 56. Rb8+
0-1

[Event "Spanish Women's Championship"]
[Site "Linares"]
[Date "2017.08.23"]
[Round "4"]
[White "Acebal Muniz, Maria Concepcion"]
[Black "Gallego Sosa, Clara"]
[Result "0-1"]
[WhiteElo "1220"]
[BlackElo "1729"]
[Board "12"]
[WhiteCountry "ESP"]
[WhiteFideId "2240491"]
[WhiteEloChange "-2"]
[BlackCountry "ESP"]
[BlackFideId "22259252"]
[BlackEloChange "2"]

1. e4 c5 2. Nf3 d6 3. d4 cxd4 4. Nxd4 Nf6 5. f3 g6 6. c4 Bg7 7. Nc3 Nc6 8.
Be3 O-O 9. Be2 Be6 10. O-O Qb6 11. b3 Qa5 12. Nxe6 fxe6 13. Rc1 Ng4 14. Bd2
Qb6+ 15. Kh1 Nf2+ 16. Rxf2 Qxf2 17. Be1 Qe3 18. Bd3 Ne5 19. Be2 Rf7 20. Bd2
Qd4 21. Nb5 Qb6 22. Nc3 Nd7 23. Nb1 Nf6 24. Bg5 Nh5 25. Bh4 Nf4 26. Bf1 h6
27. Nd2 Rd8 28. Qe1 g5 29. Bf2 Qa5 30. Qd1 g4 31. Be1 gxf3 32. Nxf3 Qxa2
33. Bg3 Rdf8 34. b4 Qa3 35. Be1 Qe3 36. Be2 Qxe2 37. Qxe2 Nxe2 38. Ra1 Bxa1
39. h3 Rxf3 40. gxf3 Rxf3 41. Kh2 Nf4 42. Bh4 Rxh3+ 43. Kg1 Rxh4 44. Kf2
Rh3 45. c5 Bd4+ 46. Ke1 dxc5 47. bxc5 Bxc5 48. e5 Rh2 49. Kf1 Rh1# 0-1

[Event "Spanish Women's Championship"]
[Site "Linares"]
[Date "2017.08.23"]
[Round "4"]
[White "Roces Heres, Sara"]
[Black "Gavira Valencia, Gizela"]
[Result "1/2-1/2"]
[WhiteElo "1567"]
[BlackElo "1476"]
[Board "13"]
[WhiteCountry "ESP"]
[WhiteFideId "24526282"]
[WhiteEloChange "-3"]
[BlackCountry "ESP"]
[BlackFideId "24519600"]
[BlackEloChange "3"]

1. d4 g6 2. c4 Bg7 3. Nc3 d6 4. e4 Nd7 5. Nf3 e6 6. Be2 Ne7 7. O-O O-O 8.
Bg5 h6 9. Be3 a6 10. Qd2 Kh7 11. b4 b6 12. Rfd1 Bb7 13. c5 b5 14. Rac1 Rc8
15. d5 exd5 16. Nxd5 Bxd5 17. exd5 Nf5 18. cxd6 cxd6 19. Rxc8 Qxc8 20. Bf4
Bc3 21. Qc1 Bxb4 22. Bd3 Qxc1 23. Rxc1 Bc5 24. Bxf5 gxf5 25. Nh4 Rc8 26.
Kf1 Nf6 27. Nxf5 Rd8 28. Rd1 Kg6 29. Ne7+ Kh7 30. Re1 Bb4 31. Re2 Rd7 32.
Bg3 Rc7 33. Bf4 Rc4 34. Bd2 Bc5 35. f3 Rd4 36. g4 Nxd5 37. Nf5 Ra4 38. Bxh6
Ra3 39. Kg2 b4 40. Rd2 Ne3+ 41. Bxe3 Bxe3 42. Nxe3 Rxe3 43. Kf2 Ra3 44. Rb2
a5 45. Kg3 Kg6 46. Kf4 d5 47. h4 Rc3 48. h5+ Kh6 49. Rd2 Rc5 50. Ke5 Rc3
51. Kf4 Rc4+ 52. Ke3 Rc3+ 53. Rd3 Rc2 54. a3 bxa3 55. Rxa3 Rc5 56. Kd4 Rb5
57. Ra4 Kg5 58. Ke5 f6+ 59. Kd6 Rb4 60. Rxa5 Kf4 61. Rxd5 Kxf3 62. g5 fxg5
63. Rxg5 Rb6+ 64. Ke5 Rb5+ 65. Kf6 Rb6+ 66. Kg7 Rb7+ 67. Kh6 Rb6+ 68. Rg6
Rb5 69. Rf6+ Kg4 70. Rg6+ Kf4 1/2-1/2

[Event "Spanish Women's Championship"]
[Site "Linares"]
[Date "2017.08.24"]
[Round "5"]
[White "Calzetta Ruiz, Monica"]
[Black "Vega Gutierrez, Sabrina"]
[Result "1/2-1/2"]
[WhiteTitle "WGM"]
[BlackTitle "IM"]
[WhiteElo "2288"]
[BlackElo "2369"]
[Board "1"]
[WhiteCountry "ESP"]
[WhiteFideId "2204185"]
[WhiteEloChange "2"]
[BlackCountry "ESP"]
[BlackFideId "2219026"]
[BlackEloChange "-2"]

1. e4 c5 2. Nf3 e6 3. d4 cxd4 4. Nxd4 Nf6 5. Nc3 d6 6. g4 h6 7. g5 hxg5 8.
Bxg5 Nc6 9. h4 Qb6 10. Nb3 a6 11. Be2 Bd7 12. Qd2 Qc7 13. O-O-O O-O-O 14.
Kb1 Be7 15. h5 Kb8 16. f4 Bc8 17. Bf3 Ng8 18. Qg2 Rh7 19. Rd2 Bxg5 20. Qxg5
Nge7 21. Rhd1 g6 22. hxg6 Nxg6 23. e5 d5 24. Bxd5 exd5 25. Nxd5 Rxd5 26.
Rxd5 Qe7 27. Qg3 Qh4 28. Qe3 Qxf4 29. Qb6 Qb4 30. Qg1 Ngxe5 31. a3 Qe7 32.
Nc5 Qc7 33. Qg8 f6 34. Ne6 Qe7 35. Rd8 Nxd8 36. Rxd8 Rh1+ 37. Ka2 Ka7 38.
Rxc8 Nc6 39. Ra8+ Kb6 40. c4 Qh7 41. c5+ Ka5 42. Qxh7 Rxh7 43. Rf8 Rh6 44.
Rf7 b6 45. b4+ Ka4 46. cxb6 Rh2+ 47. Kb1 Kxa3 48. Rc7 Rh1+ 49. Kc2 Nxb4+
50. Kd2 Rh2+ 51. Kd1 Nd5 52. b7 Rb2 53. Rd7 Nc3+ 54. Ke1 Ne4 55. Nd8 Nc5
56. Rc7 Nxb7 57. Nxb7 Kb4 58. Nd6 Rh2 59. Rc4+ Kb3 60. Rf4 a5 61. Ne4 Kc4
62. Nf2+ Kb5 63. Rxf6 a4 64. Rf3 Kb4 65. Nd3+ Kc4 66. Ne5+ Kd5 67. Ra3 Kxe5
68. Rxa4 1/2-1/2

[Event "Spanish Women's Championship"]
[Site "Linares"]
[Date "2017.08.24"]
[Round "5"]
[White "Vega Gutierrez, Belinda"]
[Black "Ortin Blanco, Ainhoa"]
[Result "1/2-1/2"]
[WhiteTitle "WIM"]
[WhiteElo "2178"]
[BlackElo "1961"]
[Board "2"]
[WhiteCountry "ESP"]
[WhiteFideId "2229994"]
[WhiteEloChange "-6"]
[BlackCountry "ESP"]
[BlackFideId "32010117"]
[BlackEloChange "6"]

1. e4 c5 2. Nf3 Nc6 3. d4 cxd4 4. Nxd4 g6 5. Nc3 Bg7 6. Be3 Nf6 7. Bc4 O-O
8. Bb3 Re8 9. f3 e6 10. Qd2 d5 11. O-O-O Nxd4 12. Bxd4 e5 13. Bf2 d4 14.
Ne2 Be6 15. c3 Bxb3 16. axb3 Qb6 17. cxd4 Qxb3 18. Kb1 Rac8 19. Rc1 Bh6 20.
Qxh6 Qd3+ 21. Ka1 Qxe2 22. Qe3 Qxe3 23. Bxe3 exd4 24. Bxd4 Nd7 25. Kb1 b6
26. Rhd1 Nf8 27. Bf6 Rxc1+ 28. Kxc1 Rc8+ 29. Kb1 Rc6 30. e5 Ne6 31. g4 Rc8
32. Rd7 Rc7 33. Rd2 Rc8 34. Ka2 Kf8 35. h4 Ke8 36. h5 Rc4 37. hxg6 hxg6 38.
Rh2 Rc8 39. Rh7 Rc4 40. Rh8+ Kd7 41. Rh7 Ke8 42. Rh8+ Kd7 43. Rh7 Ke8 44.
Rh8+ 1/2-1/2

[Event "Spanish Women's Championship"]
[Site "Linares"]
[Date "2017.08.24"]
[Round "5"]
[White "Beltran Ortiz, Edda Georgina"]
[Black "Perera Borrego, Maria Adela"]
[Result "0-1"]
[BlackTitle "WFM"]
[WhiteElo "1906"]
[BlackElo "2116"]
[Board "3"]
[WhiteCountry "ESP"]
[WhiteFideId "2257807"]
[WhiteEloChange "-5"]
[BlackCountry "ESP"]
[BlackFideId "22238255"]
[BlackEloChange "5"]

1. e4 e6 2. d4 d5 3. Nc3 Nf6 4. e5 Nfd7 5. f4 c5 6. Nf3 Nc6 7. Be3 Be7 8.
Qd2 O-O 9. dxc5 Nxc5 10. O-O-O a6 11. Nd4 Qc7 12. Be2 Nd7 13. Kb1 Na5 14.
Nb3 Nc4 15. Bxc4 dxc4 16. Nd4 b5 17. Ne4 b4 18. c3 Rb8 19. Ka1 a5 20. Nc2
b3 21. Nd4 bxa2 22. Kxa2 a4 23. Rb1 Nc5 24. Nxc5 Bxc5 25. Nc2 Rd8 26. Qf2
Be7 27. Bd4 Rd5 28. Na3 Rb3 29. Qe2 Ba6 30. Qc2 Bf8 31. Ra1 Rd8 32. Kb1
Rdb8 33. Kc1 Rxb2 34. Qxa4 Qb7 35. Rg1 Qe4 0-1

[Event "Spanish Women's Championship"]
[Site "Linares"]
[Date "2017.08.24"]
[Round "5"]
[White "Hernandez Estevez, Yudania"]
[Black "Sosa Suarez, Carla Cristina"]
[Result "1-0"]
[WhiteTitle "WIM"]
[WhiteElo "2211"]
[BlackElo "1911"]
[Board "4"]
[WhiteCountry "ESP"]
[WhiteFideId "2219344"]
[WhiteEloChange "3"]
[BlackCountry "ESP"]
[BlackFideId "24536350"]
[BlackEloChange "-3"]

1. e4 e6 2. d4 d5 3. Nc3 Nc6 4. Nf3 Nf6 5. e5 Ne4 6. a3 Be7 7. Bd3 Nxc3 8.
bxc3 Na5 9. h4 h6 10. Qd2 b6 11. Qf4 Bd7 12. Qg4 Bf8 13. Rh3 Ba4 14. Qh5
Qd7 15. Ng5 hxg5 16. Qxh8 O-O-O 17. Qh5 gxh4 18. Rxh4 c5 19. Rf4 c4 20.
Rxf7 Qc6 21. Bg6 Kb8 22. Bg5 Rc8 23. Qf3 Qb5 24. Rxf8 Qb2 25. Rc1 Qxa3 26.
Rxc8+ Kxc8 27. Kf1 1-0

[Event "Spanish Women's Championship"]
[Site "Linares"]
[Date "2017.08.24"]
[Round "5"]
[White "Matnadze, Ana"]
[Black "Garcia Vicente, Nieves"]
[Result "1/2-1/2"]
[WhiteTitle "IM"]
[BlackTitle "WIM"]
[WhiteElo "2389"]
[BlackElo "2137"]
[Board "5"]
[WhiteCountry "ESP"]
[WhiteFideId "13601377"]
[WhiteEloChange "-6"]
[BlackCountry "ESP"]
[BlackFideId "2201542"]
[BlackEloChange "6"]

1. e4 e5 2. Nc3 Nf6 3. g3 d5 4. exd5 Nxd5 5. Bg2 Nxc3 6. bxc3 Nc6 7. d3 Bc5
8. Be3 Qd6 9. Ne2 Bxe3 10. fxe3 Qh6 11. Qd2 Bh3 12. O-O O-O 13. Rab1 b6 14.
Bxh3 Qxh3 15. e4 Rad8 16. Rf5 Qg4 17. Qe3 Rfe8 18. Rbf1 Rd7 19. h4 f6 20.
Qf2 Nd8 21. Qf3 Qxf3 22. R5xf3 Nf7 23. g4 h6 24. Kf2 Rd6 25. c4 Nd8 26. Ke3
Ne6 27. R3f2 Red8 28. Rb1 Nc5 29. Rg2 Rf8 30. Rh1 Ne6 31. Rf1 Rc6 32. Nc3
Rc5 33. Rb1 c6 34. Rb4 Ra5 35. a4 Nd4 36. Rf2 Rd8 37. Rb2 Ne6 38. Rb4 Nd4
39. Rb1 Ne6 40. Rg1 Rf8 41. Rb1 Rd8 42. Rb2 Rf8 43. Rb4 Rd8 44. Rg2 Rf8 45.
Rb1 Nf4 46. Rf2 Ne6 47. Rg2 Nf4 48. Rf2 Ne6 49. Rg2 1/2-1/2

[Event "Spanish Women's Championship"]
[Site "Linares"]
[Date "2017.08.24"]
[Round "5"]
[White "Vicens Company, Maria Antonia"]
[Black "Prado Acebo, Ines"]
[Result "0-1"]
[BlackTitle "WFM"]
[WhiteElo "1838"]
[BlackElo "2107"]
[Board "6"]
[WhiteCountry "ESP"]
[WhiteFideId "2280680"]
[WhiteEloChange "-4"]
[BlackCountry "ESP"]
[BlackFideId "22251235"]
[BlackEloChange "4"]

1. e4 e6 2. d4 d5 3. Bd3 dxe4 4. Bxe4 Nf6 5. Bf3 Nbd7 6. g3 Bd6 7. Ne2 e5
8. O-O O-O 9. Nbc3 a6 10. Bg5 h6 11. Be3 Re8 12. h3 Qe7 13. Bg2 Rb8 14. g4
exd4 15. Bxd4 Bc5 16. Ng3 Nf8 17. Qd3 Be6 18. Rfe1 Bxd4 19. Qxd4 c5 20. Qe3
Qc7 21. Qf3 Ng6 22. Nf5 Bxf5 23. Qxf5 Nh4 24. Qd3 Nxg2 25. Kxg2 Qb6 26. b3
Red8 27. Qf5 Qc6+ 28. Kg1 Rd4 29. Re3 Qd6 30. Rae1 Rd8 31. Re7 Rf4 32. Qe5
Rf3 33. Qxd6 Rxd6 34. R1e3 Rxe3 35. Rxe3 Kf8 36. Kf1 Rd4 37. Ke2 c4 38. f3
b5 39. bxc4 Rxc4 40. Kd3 Nd7 41. Kd2 Nc5 42. Nd5 Rd4+ 43. Kc3 Rxd5 44. Kb4
Nd7 45. Ka5 Rd4 46. Kxa6 Ra4+ 47. Kxb5 Rxa2 48. c4 Rh2 49. Kc6 Nf6 50. f4
Rf2 51. g5 hxg5 52. fxg5 Ng8 53. Re5 Ne7+ 54. Kb7 Rf5 55. Rb5 Ke8 56. Kc7
f6 57. g6 Rxb5 58. cxb5 f5 59. Kd6 f4 60. b6 Nc8+ 61. Ke5 Nxb6 62. Kxf4 Ke7
63. Kf5 Nd5 64. h4 Nf6 65. Ke5 Ng8 66. Kf5 Kd6 67. Kf4 Ke6 68. Kg5 Ke5 69.
Kg4 Kf6 70. h5 Ke5 71. h6 Nxh6+ 72. Kg5 0-1

[Event "Spanish Women's Championship"]
[Site "Linares"]
[Date "2017.08.24"]
[Round "5"]
[White "Gil Quilez, Sonia"]
[Black "Gallego Sosa, Clara"]
[Result "1-0"]
[WhiteTitle "WFM"]
[WhiteElo "2057"]
[BlackElo "1729"]
[Board "7"]
[WhiteCountry "ESP"]
[WhiteFideId "2263980"]
[WhiteEloChange "3"]
[BlackCountry "ESP"]
[BlackFideId "22259252"]
[BlackEloChange "-3"]

1. d4 Nf6 2. c4 g6 3. Nc3 Bg7 4. e4 d6 5. Nf3 O-O 6. Be2 Na6 7. O-O e5 8.
Be3 c6 9. Rb1 Ng4 10. Bg5 f6 11. Bh4 Qe8 12. b4 f5 13. d5 c5 14. bxc5 Nxc5
15. Nd2 Nf6 16. f3 h6 17. Bf2 Ncd7 18. Nb5 Qd8 19. Nxd6 b6 20. exf5 gxf5
21. Nxf5 Nxd5 22. Ne4 Nf4 23. Bh4 Qc7 24. Ne7+ Kh7 25. Bd3 Bb7 26. g3 Ng6
27. Nxg6 Kxg6 28. Nd6+ e4 29. Nxe4 Kf7 30. Kg2 Ne5 31. c5 bxc5 32. Rxb7 1-0

[Event "Spanish Women's Championship"]
[Site "Linares"]
[Date "2017.08.24"]
[Round "5"]
[White "Rodriguez Perez, Marta"]
[Black "Redondo Benavente, Ana"]
[Result "0-1"]
[BlackTitle "WFM"]
[WhiteElo "1277"]
[BlackElo "2022"]
[Board "8"]
[WhiteCountry "ESP"]
[WhiteFideId "24541656"]
[WhiteEloChange "-2"]
[BlackCountry "ESP"]
[BlackFideId "32021674"]
[BlackEloChange "2"]

1. d4 Nf6 2. Bf4 d6 3. h3 g6 4. Nf3 Bg7 5. e3 O-O 6. Be2 c5 7. c3 Be6 8.
O-O Qb6 9. Qc1 Nc6 10. Nbd2 Rac8 11. Bc4 Bxc4 12. Nxc4 Qa6 13. Ncd2 Nd5 14.
Bg3 cxd4 15. exd4 Nxd4 16. Nxd4 Bxd4 17. Qd1 Bg7 18. Re1 Rfe8 19. Bh4 Nf6
20. Ne4 Nxe4 21. Rxe4 e6 22. Bg3 d5 23. Rb4 Rc4 24. Rxc4 Qxc4 25. Qe1 e5
26. Qe3 a6 27. b3 Qc6 28. Re1 e4 29. Rc1 b5 30. f3 f5 31. Be1 Rc8 32. Bd2
Qd6 33. fxe4 dxe4 34. Qe2 Rd8 35. Bg5 Qd3 36. Qe1 Rc8 37. c4 bxc4 38. Rd1
Bc3 39. Rxd3 Bxe1 40. Rd1 Bg3 41. Rc1 c3 42. Bf6 c2 43. Kf1 Bf4 0-1